MARC details
| 000 -LEADER |
| fixed length control field |
01074nam a2200277 a 4500 |
| 008 - FIXED-LENGTH DATA ELEMENTS--GENERAL INFORMATION |
| fixed length control field |
120622s2009 ||||||||||||||||| || u |
| 020 ## - INTERNATIONAL STANDARD BOOK NUMBER |
| International Standard Book Number |
9780340967591 |
| 020 ## - INTERNATIONAL STANDARD BOOK NUMBER |
| International Standard Book Number |
0340967595 |
| 050 ## - LIBRARY OF CONGRESS CALL NUMBER |
| Classification number |
QP 90.4 Cla |
| 100 ## - MAIN ENTRY--PERSONAL NAME |
| Personal name |
Clancy, John |
| 245 10 - TITLE STATEMENT |
| Title |
Physiology and anatomy for nurses and healthcare practitioners: a homeostatic approach. -- 3rd ed. |
| Statement of responsibility, etc. |
by John Clancy and Andrew J. McVicar |
| 250 ## - EDITION STATEMENT |
| Edition statement |
3rd ed. |
| 260 ## - PUBLICATION, DISTRIBUTION, ETC. |
| Place of publication, distribution, etc. |
London: |
| Name of publisher, distributor, etc. |
Hodder Arnold |
| Date of publication, distribution, etc. |
2009 |
| 300 ## - PHYSICAL DESCRIPTION |
| Extent |
[x], 724p.: ill. |
| 350 ## - |
| -- |
0.00 |
| 500 ## - GENERAL NOTE |
| General note |
Bibliography |
| 650 #3 - SUBJECT ADDED ENTRY--TOPICAL TERM |
| Topical term or geographic name entry element |
ANATOMY--NURSES' INSTRUCTION |
| 650 #0 - SUBJECT ADDED ENTRY--TOPICAL TERM |
| Topical term or geographic name entry element |
HUMAN ANATOMY |
| 650 #0 - SUBJECT ADDED ENTRY--TOPICAL TERM |
| Topical term or geographic name entry element |
HUMAN PHYSIOLOGY |
| 650 #3 - SUBJECT ADDED ENTRY--TOPICAL TERM |
| Topical term or geographic name entry element |
HOMEOSTASIS--NURSES' INSTRUCTION |
| 650 #3 - SUBJECT ADDED ENTRY--TOPICAL TERM |
| Topical term or geographic name entry element |
PHYSIOLOGICAL PHENOMENA--NURSES' INSTRUCTION |
| 650 #0 - SUBJECT ADDED ENTRY--TOPICAL TERM |
| Topical term or geographic name entry element |
HOMEOSTASIS |
| 700 ## - ADDED ENTRY--PERSONAL NAME |
| Personal name |
McVicar, Andrew J |
| 856 ## - ELECTRONIC LOCATION AND ACCESS |
| Uniform Resource Identifier |
http://www.loc.gov/catdir/enhancements/fy1108/2009288705-d.html |
| 995 ## - |
| -- |
MEDICAL LIBRARY OPEN ACCESS |
| -- |
901714 |
| -- |
CBU-SCHOOL OF MEDICINE LIBRARY (Ndola) |
| -- |
0.00 |
| -- |
QP 90.4 Cla |
| -- |
1 |
| -- |
AVAILABLE |
| -- |
Jun 22, 2012 |
| -- |
901714 |
| -- |
Medical Library Open Access Collection |
| 999 ## - |
| -- |
32390 |
| -- |
32390 |